KOHA-Header-6

Essentials of Business Analytics (Record no. 13209)

000 -LEADER
fixed length control field 00361nam a22001217a 4500
020 ## - INTERNATIONAL STANDARD BOOK NUMBER
ISBN 9781285187273
082 ## - DEWEY DECIMAL CLASSIFICATION NUMBER
Classification number 658.4033
100 ## - MAIN ENTRY--AUTHOR NAME
Personal name David Anderson , Dennis Sweeney , Thomas Williams, Michael Fry [et:al]
245 ## - TITLE STATEMENT
Title Essentials of Business Analytics
260 ## - PUBLICATION, DISTRIBUTION, ETC. (IMPRINT)
Place of publication USA
Name of publisher CENGAGE Learning
Year of publication 2015
300 ## - PHYSICAL DESCRIPTION
Number of Pages pages 675
942 ## - ADDED ENTRY ELEMENTS (KOHA)
Koha item type Business
Holdings
Withdrawn status Lost status Collection code Permanent Location Current Location Shelving location Date acquired Full call number Accession Number Koha item type
    Business MAJU MAJU   2022-02-19 658.4033 10289 Business

Powered by Koha